000 00229nam a22000977a 4500
999 _c16132
_d16132
003 OSt
008 191108b ||||| |||| 00| 0 eng d
100 _aShahane.
_94562
245 _aSurveying in question & answer paper 1
942 _cBK